000 00636nam a22001937a 4500
999 _c189891
_d189891
005 20220714121401.0
010 _aUR-11649
020 _a
_c200.00
035 _aU-10204
037 _bDBAD/PUB
_a-
082 _a841.08
100 _aادروی ، ایم ۔ اے ۔ ساغر
245 _aکہکشا ں /
_cایم ۔ اے۔ ساغر ادروی
_hا ر د و
246 _aKahkashan /
_bby M.A. Saghar Adravi
260 _aNew Delhi
_bEducational Publishing House
_c2019 ء
270 _aH.o. D1/16, Ansari Road, Daryaganj
_bNew Delhi
_e110002
300 _a196 ص
_c23cm(Hb)
942 _2ddc
_cUR
_h841.08
_mا د ر